| 000 | 00554nam a22001577a 4500 | ||
|---|---|---|---|
| 999 |
_c534667 _d534667 |
||
| 020 | _qHard Cover. | ||
| 082 | _a629.04 | ||
| 100 | _aM. Farhan Gul. Hafiz | ||
| 245 |
_aRutting evaluation of hot mix asphalt mixtures using static creep and repeated load tests / _cHafiz M. Farhan Gul. |
||
| 260 |
_aIslamabad : _bNIT - NUST, _c2014. |
||
| 300 |
_aix, 87 p. ill. ; _c30cm. |
||
| 942 |
_2ddc _cTHE |
||
| 650 |
_aTranspiration Engineering - MS Thesis. _928966 |
||
| 700 |
_aDr. Muhammad Irfan . _917128 |
||